|
|
|
|
| LEADER |
00000nab a2200000 a 4500 |
| 001 |
vtls008985220 |
| 003 |
SK-MaSNL |
| 005 |
20260304233656.0 |
| 008 |
250505c2007 xo |||||||||||000 b|slo |
| 015 |
|
|
|a SNBRB2007/04
|2 snkbucl
|
| 035 |
|
|
|a (uuid)b3f2c119-3ba7-4678-b6ad-4d28ccc1771f
|
| 035 |
|
|
|a urn:nbn:sk:snk-ab102s
|
| 035 |
|
|
|a (urnnbn)urn:nbn:sk:snk:ar-a048nk
|
| 038 |
|
|
|a SNKBUCL
|
| 040 |
|
|
|a SNKBUCL
|b slo
|c SNKBUCL
|e AACR2
|
| 041 |
0 |
|
|a eng
|
| 044 |
|
|
|a xo
|c SK
|
| 080 |
|
|
|a 004.827:004.652:510.22-021.167
|2 2001
|
| 080 |
|
|
|a 510.22-021.167
|2 2001
|
| 080 |
|
|
|a 004.652
|2 2001
|
| 080 |
|
|
|a 004.655
|2 2001
|
| 100 |
1 |
|
|a Achs, Ágnes
|4 aut
|9 1569614
|
| 245 |
1 |
0 |
|a Computed answer from uncertain knowledge: a model for handling uncertain information
|c Ágnes Achs
|
| 300 |
|
|
|b Fotogr., sch., tab.
|
| 500 |
|
|
|a Biogr. údaje
|
| 504 |
|
|
|a Bibliogr. odkazy
|
| 546 |
|
|
|a Res. angl.
|
| 630 |
0 |
7 |
|a Datalog
|2 snkbucl
|9 1379280
|
| 650 |
0 |
7 |
|a znalostné systémy
|2 snkbucl
|9 68608
|
| 650 |
0 |
7 |
|a neisté informácie
|2 snkbucl
|9 1569615
|
| 650 |
0 |
7 |
|a fuzzy množiny
|2 snkbucl
|9 945
|
| 650 |
0 |
7 |
|a modelovanie
|2 snkbucl
|9 15732
|
| 773 |
0 |
|
|t Computing and informatics
|g Vol. 26, no. 1 (2007), p. 63-76
|x 1335-9150
|
| 850 |
|
|
|a Slovenská národná knižnica
|
| 852 |
|
|
|a Slovenská národná knižnica
|
| 958 |
|
|
|a article27
|
| 958 |
|
|
|a NB
|
| 958 |
|
|
|a OND
|
| 958 |
|
|
|a EUIPO
|
| 999 |
|
|
|c 3199765
|d 3201695
|